| 000 -LEADER |
| fixed length control field |
00426cam a22001217a 4500 |
| 008 - FIXED-LENGTH DATA ELEMENTS--GENERAL INFORMATION |
| fixed length control field |
180718b1966 xxu||||| |||| 00| 0 eng d |
| 082 ## - DEWEY DECIMAL CLASSIFICATION NUMBER |
| Classification number |
L2x548 C339 |
| 245 ## - TITLE STATEMENT |
| Title |
The New Tax structure - 1965-66 |
| Statement of responsibility, etc. |
By The Department of Inland Revenue |
| 260 ## - PUBLICATION, DISTRIBUTION, ETC. |
| Place of publication, distribution, etc. |
Colombo |
| Name of publisher, distributor, etc. |
The Department of Inland Revenue |
| Date of publication, distribution, etc. |
1966 |
| 300 ## - PHYSICAL DESCRIPTION |
| Extent |
66p |
| 650 ## - SUBJECT ADDED ENTRY--TOPICAL TERM |
| Topical term or geographic name entry element |
Taxation - Law and legislation - Sri Lanka |
| 650 ## - SUBJECT ADDED ENTRY--TOPICAL TERM |
| Topical term or geographic name entry element |
Income tax - Law and legislation - Sri Lanka |